| 000 | 01804cam a2200301 a 4500 | ||
|---|---|---|---|
| 999 |
_c18839 _d18839 |
||
| 001 | 16037730 | ||
| 005 | 20170114095812.0 | ||
| 008 | 091230s2010 ctuab b 001 0 eng | ||
| 010 | _a 2009054225 | ||
| 020 | _a9780300154214 (cl : alk. paper) | ||
| 050 | 0 | 0 | _aN5760 .C549 2010 |
| 100 | 1 |
_aChristian, Kathleen _q(Kathleen Wren), _d1971- |
|
| 245 | 1 | 0 |
_aEmpire without end : _bantiquities collections in Renaissance Rome, c. 1350-1527 / _cKathleen Wren Christian. |
| 260 |
_aNew Haven : _bYale University Press, _cc2010. |
||
| 300 |
_aix, 440 p. : _bill. (some col.), maps ; _c27 cm. |
||
| 504 | _aIncludes bibliographical references (p. 389-423) and index. | ||
| 505 | 0 | _aAntiquity as example: Rome in the era of Petrarch and Cola di Rienzo -- The poetics of the collection: Cardinal Prospero Colonna's "Gardens of Maecenas" -- Fictive genealogies and ancestral collections in fifteenth-century Rome -- The virtues of the papal collector: Paul II and Sixtus IV -- Pomponio Leto and the academic garden -- The era of collecting, 1480-1527 -- Epilogue: the Sack of Rome -- Catalogue: collections in Roman houses and vigne before 1527. | |
| 650 | 0 |
_aArt, Roman _xCollectors and collecting _zItaly _zRome. |
|
| 650 | 0 |
_aClassical antiquities _xCollectors and collecting _zItaly _zRome. |
|
| 651 | 0 |
_aRome (Italy) _xAntiquities. |
|
| 651 | 0 |
_aRome (Italy) _xCivilization. |
|
| 942 |
_2lcc _cBOOKS _hN5760 .C549 2010 |
||